000 00896nam a2200349Ia 4500
001 463
008 191123s9999 xx 000 0 und d
041 _aeng
041 _afre
041 _aspa
044 _aag
100 _aNoel, Martín,
260 _aBuenos Aires :
_bAcademia Nacional de Bellas Artes,
_c1944.
300 _alvii, 182 p.
_bláminas b/n
500 _aFundación y desarrollo urbano de la ciudad de la plata por Pedro Juan Vignale. Adjunta un plano
650 _aARQUITECTURA
650 _aCHUQUISACA
650 _aIGLESIAS
650 _aVIVIENDAS
902 _aM
903 _am
904 _am
907 _aImpreso
911 _aláminas b/n
912 _a1944
920 _an. 2
942 _cLIBRO
999 _c314
_d314
490 0 _aDocumentos de arte colonial sudamericano
245 0 _aBolivia :
_bChuquisaca.
550 _aláminas b/n